Logo BPK

Biblioteka

Politechniki Koszalińskiej

Bibliografia Bibliografii i Nauki o Książce 1979. (Rekord nr 23778)

Szczegóły MARC
000 -ETYKIETA REKORDU
podpole kontrolne o stałej długości 00417nam a2200145 i 4500
001 - NUMER KONTROLNY REKORDU
pole kontrolne bg
040 ## - ŹRÓDŁO KATALOGOWANIA
Instytucja, która utworzyła rekord BPK
041 ## - KOD JĘZYKA
Kod języka tekstu pol
080 ## - UNIWERSALNA KLASYFIKACJA DZIESIĘTNA - UKD
UKD 016:01+002
008 - POLE O STAŁEJ DŁUGOŚCI - DANE KONTROLNE
podpole kontrolne o stałej długości s pl f |000 0 pol
245 #0 - TYTUŁ/ODPOWIEDZIALNOŚĆ
Tytuł Bibliografia Bibliografii i Nauki o Książce 1979.
Oznaczenie części/sekcji dzieła Cz. 1,
Tytuł części/sekcji dzieła Bibliografia Bibliografii Polskich /
Pozostałe elementy strefy tytułu i oznaczenia odpowiedzialności oprac. Helena Pluta.
260 ## - STREFA ADRESU WYDAWNICZEGO
Miejsce wydania Warszawa,
Data publikacji, dystrybucji/powstania dokumentu 1987.
700 1# - HASŁO DODATKOWE - NAZWA OSOBOWA
Nazwa osobowa Pluta, Helena.
Określenie związku między hasłem a opisywanym materiałem Oprac.
856 ## - LOKALIZACJA I DOSTĘP DO ELEKTRONICZNYCH DOKUMENTÓW ZDALNYCH
Link (URL) http://koha.tu.koszalin.pl/cgi-bin/koha/opac-detail.pl?biblionumber=23778
Tekst linku Katalog online BPK
942 ## - DODATKOWE ELEMENTY (KOHA)
Typ dokumentu Książka
Egzemplarze
Wycofany Status egzemplarza Uszkodzony Dostępność Lokalizacja stała Lokalizacja bieżąca Miejsce przechowywania Sygnatura Kod kreskowy Typ dokumentu
      Dostępny Biblioteka Politechniki Koszalińskiej Biblioteka Politechniki Koszalińskiej Wypożyczalnia BG 34006 02186078 Książka
© 2023 Biblioteka Politechniki Koszalińskiej :: KOHA